[Event "Montreal int."]
[Site "Montreal CAN"]
[Date "2003.07.23"]
[Round "1"]
[White "Charbonneau, Pascal"]
[Black "Lugovoi, Aleksei"]
[Result "1/2-1/2"]
[WhiteElo "2442"]
[BlackElo "2566"]
[PlyCount "82"]
[GameId "2160767911285248"]
[EventDate "2003.07.23"]
[EventType "tourn"]
[EventRounds "9"]
[EventCountry "CAN"]
[EventCategory "11"]
[SourceTitle "The Week in Chess 455"]
[Source "Mark Crowther"]
[SourceDate "2003.07.28"]
[SourceVersion "1"]
[SourceVersionDate "2003.07.28"]
[SourceQuality "2"]

1. e4 c5 2. Nf3 d6 3. d4 cxd4 4. Nxd4 Nf6 5. Nc3 Nc6 6. Bg5 e6 7. Qd2 a6 8. O-O-O Bd7 9. f4 h6 10. Bxf6 Qxf6 11. Nf3 Qd8 12. e5 d5 13. h4 Bc5 14. Kb1 b5 15. f5 Qb6 16. Ne4 dxe4 17. Qxd7+ Kf8 18. fxe6 Be7 19. Bxb5 axb5 20. Rd6 exf3 21. gxf3 Qa5 22. Rxc6 Qxa2+ 23. Kc1 fxe6 24. Rd1 Kf7 25. c4 Qa1+ 26. Kc2 Qa4+ 27. Kb1 Rhd8 28. Qxe6+ Kf8 29. Rd7 Qa2+ 30. Kc2 Rxd7 31. Qxd7 Rd8 32. Qf5+ Kg8 33. Qe6+ Kh8 34. Qxe7 Qa4+ 35. b3 Qa2+ 36. Kc1 Qa1+ 37. Kc2 Qd1+ 38. Kb2 Qd2+ 39. Kb1 Qe1+ 40. Kb2 Qd2+ 41. Kb1 Qe1+ 1/2-1/2

[Event "Montreal int."]
[Site "Montreal CAN"]
[Date "2003.07.25"]
[Round "3"]
[White "Charbonneau, Pascal"]
[Black "Bluvshtein, Mark"]
[Result "1-0"]
[WhiteElo "2442"]
[BlackElo "2447"]
[PlyCount "63"]
[GameId "2160767911285260"]
[EventDate "2003.07.23"]
[EventType "tourn"]
[EventRounds "9"]
[EventCountry "CAN"]
[EventCategory "11"]
[SourceTitle "The Week in Chess 455"]
[Source "Mark Crowther"]
[SourceDate "2003.07.28"]
[SourceVersion "1"]
[SourceVersionDate "2003.07.28"]
[SourceQuality "2"]

1. e4 e6 2. d4 d5 3. e5 c5 4. c3 Bd7 5. Nf3 Qb6 6. a3 c4 7. Nbd2 Nc6 8. b3 cxb3 9. Nxb3 Na5 10. Nxa5 Qxa5 11. Bd2 Qc7 12. Bd3 h6 13. O-O Ne7 14. Qe2 Nc8 15. Be3 Nb6 16. Nd2 Bc6 17. f4 g6 18. Rfc1 Qd7 19. a4 Nxa4 20. c4 Nb2 21. cxd5 exd5 22. Bb1 Bb5 23. Qf3 Nd3 24. Rc3 Rc8 25. Rxc8+ Qxc8 26. Qf1 Qc3 27. Rxa7 Bb4 28. Ra8+ Ke7 29. Rxh8 Nxe5 30. Qxb5 Qxe3+ 31. Kh1 Nc6 32. Nf1 1-0

[Event "Montreal int."]
[Site "Montreal CAN"]
[Date "2003.07.26"]
[Round "4"]
[White "Onischuk, Alexander"]
[Black "Charbonneau, Pascal"]
[Result "1/2-1/2"]
[WhiteElo "2657"]
[BlackElo "2442"]
[PlyCount "46"]
[GameId "2160767911285268"]
[EventDate "2003.07.23"]
[EventType "tourn"]
[EventRounds "9"]
[EventCountry "CAN"]
[EventCategory "11"]
[SourceTitle "The Week in Chess 455"]
[Source "Mark Crowther"]
[SourceDate "2003.07.28"]
[SourceVersion "1"]
[SourceVersionDate "2003.07.28"]
[SourceQuality "2"]

1. c4 c6 2. e4 d5 3. exd5 cxd5 4. cxd5 Nf6 5. Nc3 Nxd5 6. Nf3 Nc6 7. d4 e6 8. Bc4 Be7 9. O-O O-O 10. Re1 b6 11. Nxd5 exd5 12. Bb5 Bb7 13. Qa4 Rc8 14. Bf4 a6 15. Bd3 Bd6 16. Bxd6 Qxd6 17. Ne5 g6 18. g3 Qb4 19. Qxb4 Nxb4 20. a3 Nxd3 21. Nxd3 Rc4 22. Ne5 Rxd4 23. Nd7 Rd8 1/2-1/2

[Event "Montreal int."]
[Site "Montreal CAN"]
[Date "2003.07.27"]
[Round "5"]
[White "Charbonneau, Pascal"]
[Black "Rozentalis, Eduardas"]
[Result "0-1"]
[WhiteElo "2442"]
[BlackElo "2586"]
[PlyCount "130"]
[GameId "2160767911285272"]
[EventDate "2003.07.23"]
[EventType "tourn"]
[EventRounds "9"]
[EventCountry "CAN"]
[EventCategory "11"]
[SourceTitle "The Week in Chess 456"]
[Source "Mark Crowther"]
[SourceDate "2003.08.04"]
[SourceVersion "1"]
[SourceVersionDate "2003.08.04"]
[SourceQuality "2"]

1. e4 e6 2. d4 d5 3. e5 c5 4. c3 Bd7 5. Nf3 Qb6 6. Bd3 Bb5 7. dxc5 Bxc5 8. b4 Bxd3 9. Qxd3 Bf8 10. O-O Ne7 11. Be3 Qc7 12. Na3 a6 13. Bc5 Nec6 14. Bxf8 Kxf8 15. Rfe1 Nd7 16. Qe3 h6 17. c4 Nxb4 18. Rab1 a5 19. Nb5 Qc5 20. Nfd4 dxc4 21. Nd6 Kg8 22. a3 Nd3 23. Rb5 Qxa3 24. Nxc4 Qc3 25. Nd2 N7c5 26. N4b3 Na4 27. Ra1 Ndb2 28. Qe2 b6 29. Ne4 Qc7 30. Nd4 Rc8 31. h4 Qc4 32. Qd2 Nd3 33. Rxa4 Qxa4 34. Qxd3 Qc4 35. Qe3 Qc1+ 36. Kh2 Qxe3 37. fxe3 a4 38. Rxb6 Ra8 39. Nc3 a3 40. Na2 Kh7 41. Nc6 Rhc8 42. Kg3 Ra4 43. Kf3 Rxh4 44. Ra6 Rh1 45. Ncb4 Rf1+ 46. Ke2 Ra1 47. Rxa3 Rc5 48. Ra7 Kg6 49. Rd7 Rb1 50. Rd2 Rxe5 51. Nd3 Rg5 52. Kf2 Rf5+ 53. Kg3 Rb3 54. Nac1 Ra3 55. Ne2 Kh7 56. e4 Rfa5 57. Kf2 Ra2 58. Rd1 g5 59. Rc1 Kg6 60. Ke3 h5 61. g3 R2a3 62. Rc8 Ra8 63. Rc5 Rd8 64. Nc3 Kf6 65. Ne5 Rxc3+ 0-1

[Event "Montreal int."]
[Site "Montreal CAN"]
[Date "2003.07.28"]
[Round "6"]
[White "Vera, Reynaldo"]
[Black "Charbonneau, Pascal"]
[Result "0-1"]
[WhiteElo "2509"]
[BlackElo "2442"]
[PlyCount "80"]
[GameId "2160767911285282"]
[EventDate "2003.07.23"]
[EventType "tourn"]
[EventRounds "9"]
[EventCountry "CAN"]
[EventCategory "11"]
[SourceTitle "CBM 097"]
[Source "ChessBase"]
[SourceDate "2003.11.11"]
[SourceVersion "1"]
[SourceVersionDate "2003.11.11"]
[SourceQuality "1"]

1. Nf3 d5 2. g3 c6 3. Bg2 Bg4 4. b3 Nd7 5. Bb2 Ngf6 6. O-O e6 7. d3 Be7 8. Nbd2 O-O 9. h3 Bh5 10. e4 h6 11. Qe1 Ne8 12. d4 f5 13. exd5 exd5 14. c4 Nc7 15. Qc1 Nf6 16. Ne5 Ne4 17. g4 Be8 18. f3 Ng3 19. Re1 Bh4 20. Nf1 fxg4 21. fxg4 Ne4 22. Re2 Ne6 23. Bxe4 dxe4 24. Qe3 Bg5 25. Qc3 c5 26. d5 Nd4 27. Rxe4 Qf6 28. Ng3 Bg6 29. Rf1 Qxf1+ 30. Nxf1 Bxe4 31. Qe1 Bd3 32. Ng3 Rae8 33. Kg2 Bf4 34. Nxd3 Rxe1 35. Nxe1 Re8 36. Nf3 Nxf3 37. Kxf3 Bxg3 38. Kxg3 Re2 39. Bc1 Rxa2 40. d6 Kf7 0-1

[Event "Montreal int."]
[Site "Montreal CAN"]
[Date "2003.07.30"]
[Round "7"]
[White "Charbonneau, Pascal"]
[Black "Barsov, Alexei"]
[Result "1-0"]
[WhiteElo "2442"]
[BlackElo "2526"]
[PlyCount "75"]
[GameId "2160767911285283"]
[EventDate "2003.07.23"]
[EventType "tourn"]
[EventRounds "9"]
[EventCountry "CAN"]
[EventCategory "11"]
[SourceTitle "The Week in Chess 456"]
[Source "Mark Crowther"]
[SourceDate "2003.08.04"]
[SourceVersion "1"]
[SourceVersionDate "2003.08.04"]
[SourceQuality "2"]

1. e4 e6 2. d4 d5 3. e5 c5 4. c3 Nc6 5. Nf3 Bd7 6. Be2 Nge7 7. Na3 cxd4 8. cxd4 Nf5 9. Nc2 Qb6 10. O-O Rc8 11. Kh1 Na5 12. g4 Ne7 13. Nfe1 h5 14. gxh5 Nf5 15. Bg4 Nh6 16. Bh3 Nc6 17. b3 Kd8 18. Ng2 Kc7 19. Nf4 Rd8 20. Rg1 Kb8 21. Bb2 Ne7 22. Ne3 Nef5 23. Bc3 Rc8 24. Bb2 Bb4 25. Nxf5 Nxf5 26. Bxf5 exf5 27. Rc1 Rcg8 28. Rg2 Qh6 29. Nxd5 Bd2 30. Rc5 Bc6 31. f3 Bxd5 32. Rxd5 Bf4 33. Qe2 Qxh5 34. Rd7 Rc8 35. d5 Ka8 36. d6 Rc2 37. Qxc2 Qxf3 38. Bd4 1-0

[Event "Montreal int."]
[Site "Montreal CAN"]
[Date "2003.07.31"]
[Round "8"]
[White "Ross, Dave"]
[Black "Charbonneau, Pascal"]
[Result "0-1"]
[WhiteElo "2318"]
[BlackElo "2442"]
[PlyCount "104"]
[GameId "2160767911285292"]
[EventDate "2003.07.23"]
[EventType "tourn"]
[EventRounds "9"]
[EventCountry "CAN"]
[EventCategory "11"]
[SourceTitle "CBM 097"]
[Source "ChessBase"]
[SourceDate "2003.11.11"]
[SourceVersion "1"]
[SourceVersionDate "2003.11.11"]
[SourceQuality "1"]

1. e4 c5 2. Nf3 e6 3. d3 Nc6 4. Nbd2 Bd6 5. c3 Bc7 6. Be2 Nge7 7. Qc2 O-O 8. a3 a5 9. b3 d5 10. Bb2 e5 11. O-O h6 12. Rfe1 d4 13. cxd4 cxd4 14. Rec1 Be6 15. Qd1 Qd7 16. Ne1 g6 17. Rc2 Rfc8 18. Bc1 Kg7 19. Rb1 b5 20. g3 f5 21. Ng2 f4 22. gxf4 exf4 23. e5 g5 24. Ne4 Nxe5 25. Nc5 Qd6 26. Ne4 Qd8 27. Rc5 Rab8 28. Bb2 N7g6 29. Ne1 Bb6 30. Rxb5 g4 31. Nc2 f3 32. Bf1 Qd7 33. Rxb6 Rxb6 34. Nxd4 Bd5 35. Rc1 Kh7 36. Rxc8 Qxc8 37. Qd2 Ra6 38. b4 axb4 39. axb4 Qf8 40. b5 Ra4 41. Qc2 Ra7 42. Nc6 Rc7 43. Qa4 Bxc6 44. bxc6 Qf5 45. Qa8 Rxc6 46. d4 Qxe4 47. dxe5 Nf4 48. Qe8 Rg6 49. e6 Nh3+ 50. Kh1 Nxf2+ 51. Kg1 Nh3+ 52. Kh1 f2+ 0-1

[Event "Montreal int."]
[Site "Montreal CAN"]
[Date "2003.08.01"]
[Round "9"]
[White "Charbonneau, Pascal"]
[Black "Nataf, Igor A"]
[Result "1/2-1/2"]
[WhiteElo "2442"]
[BlackElo "2549"]
[PlyCount "106"]
[GameId "2160767911285296"]
[EventDate "2003.07.23"]
[EventType "tourn"]
[EventRounds "9"]
[EventCountry "CAN"]
[EventCategory "11"]
[SourceTitle "CBM 097"]
[Source "ChessBase"]
[SourceDate "2003.11.11"]
[SourceVersion "1"]
[SourceVersionDate "2003.11.11"]
[SourceQuality "1"]

1. e4 c5 2. Nf3 Nc6 3. d4 cxd4 4. Nxd4 e5 5. Nb5 d6 6. N1c3 Nf6 7. Bg5 a6 8. Na3 b5 9. Nd5 Be7 10. Nxe7 Nxe7 11. Qd3 Bb7 12. Bxf6 gxf6 13. O-O-O d5 14. exd5 Qxd5 15. Qxd5 Nxd5 16. c4 Nb4 17. cxb5 Nxa2+ 18. Kc2 Bd5 19. Bc4 Bxc4 20. Nxc4 axb5 21. Nd6+ Ke7 22. Nf5+ Ke6 23. Ng7+ Ke7 24. Nf5+ Ke6 25. g4 Nb4+ 26. Kb3 Nd5 27. Rd2 Rag8 28. f3 h5 29. Rhd1 hxg4 30. Ng3 gxf3 31. Rxd5 Rxg3 32. hxg3 Kf5 33. Kc3 Kg4 34. Rd7 Rh7 35. Kd3 f5 36. Ke3 Rh2 37. R1d2 f4+ 38. gxf4 exf4+ 39. Kd3 f2 40. Rd1 Kf3 41. Rxf7 Rh3 42. Kd2 Rg3 43. Rf1 Rg4 44. b4 Rg2 45. Kd3 Rg4 46. Rf8 Rg5 47. Kd4 Ke2 48. Rxf2+ Kxf2 49. Rxf4+ Ke2 50. Rh4 Kd2 51. Rh2+ Kc1 52. Re2 Kb1 53. Rf2 Rh5 1/2-1/2

[Event "Montreal int."]
[Site "Montreal CAN"]
[Date "2003.08.02"]
[Round "10"]
[White "Charbonneau, Pascal"]
[Black "Legky, Nikolay"]
[Result "0-1"]
[WhiteElo "2442"]
[BlackElo "2482"]
[PlyCount "94"]
[GameId "2160767911285302"]
[EventDate "2003.07.23"]
[EventType "tourn"]
[EventRounds "9"]
[EventCountry "CAN"]
[EventCategory "11"]
[SourceTitle "CBM 097"]
[Source "ChessBase"]
[SourceDate "2003.11.11"]
[SourceVersion "1"]
[SourceVersionDate "2003.11.11"]
[SourceQuality "1"]

1. e4 e6 2. d4 d5 3. e5 c5 4. c3 Qb6 5. a3 Bd7 6. Nf3 Nc6 7. Be2 a5 8. O-O a4 9. Bd3 Na5 10. Bc2 Nb3 11. Bxb3 Qxb3 12. Qxb3 axb3 13. dxc5 Bxc5 14. Re1 Ne7 15. Be3 Bxe3 16. Rxe3 Nc6 17. Nd4 Nxd4 18. cxd4 Ra4 19. Rd3 Bb5 20. Nc3 Bxd3 21. Nxa4 Bc2 22. Nc5 b6 23. Na4 Kd7 24. Re1 Kc6 25. Re3 Ra8 26. Nc3 b5 27. Kf1 Kb6 28. Rg3 Ka5 29. Rxg7 Bg6 30. Ke2 b4 31. axb4+ Kxb4 32. f4 Ra2 33. Nd1 Kc4 34. Rg8 Kxd4 35. Kd2 Bc2 36. Nc3 Rxb2 37. Kc1 Kxc3 38. Rc8+ Kd3 39. Kxb2 d4 40. Rd8 Ke3 41. g3 Be4 42. Rb8 Bd5 43. Rb4 d3 44. Kc3 Be4 45. Kxb3 d2 46. Rxe4+ Kxe4 47. Kc2 Ke3 0-1

[Event "Montreal int."]
[Site "Montreal CAN"]
[Date "2003.08.03"]
[Round "11"]
[White "Romanishin, Oleg M"]
[Black "Charbonneau, Pascal"]
[Result "1/2-1/2"]
[WhiteElo "2561"]
[BlackElo "2442"]
[PlyCount "88"]
[GameId "2160767911285311"]
[EventDate "2003.07.23"]
[EventType "tourn"]
[EventRounds "9"]
[EventCountry "CAN"]
[EventCategory "11"]
[SourceTitle "CBM 097"]
[Source "ChessBase"]
[SourceDate "2003.11.11"]
[SourceVersion "1"]
[SourceVersionDate "2003.11.11"]
[SourceQuality "1"]

1. d4 d5 2. c4 c6 3. Nf3 Nf6 4. Nc3 a6 5. a4 e6 6. e3 c5 7. Ne5 Nc6 8. Nxc6 bxc6 9. Be2 Bd6 10. a5 cxd4 11. exd4 O-O 12. O-O Rb8 13. Na4 Bc7 14. Nb6 Bxb6 15. axb6 dxc4 16. Bxc4 Nd5 17. Ra3 Nxb6 18. Ba2 Nd5 19. Rh3 e5 20. Rg3 Nf4 21. Bc4 Rb4 22. b3 Be6 23. Ba3 Bxc4 24. bxc4 Rxc4 25. Bxf8 Rxd4 26. Qe1 Qxf8 27. Qxe5 c5 28. h3 Ne6 29. Rb1 h6 30. Rb8 Rd8 31. Rgb3 Kh7 32. Qe4+ g6 33. Qe5 Rd1+ 34. Kh2 Qg7 35. Qxg7+ Kxg7 36. R8b7 Nd4 37. Ra3 Rd2 38. f3 c4 39. Rc3 Nb5 40. Re3 c3 41. Ree7 Nd6 42. Rbc7 Kf6 43. Red7 Ke6 44. Re7+ Kf6 1/2-1/2

[Event "Guelph op"]
[Site "Guelph CAN"]
[Date "2002.08.07"]
[Round "1"]
[White "Kaufman, Raymond"]
[Black "Charbonneau, Pascal"]
[Result "1/2-1/2"]
[WhiteElo "2202"]
[BlackElo "2422"]
[PlyCount "93"]
[GameId "2160767911412210"]
[EventDate "2002.08.07"]
[EventType "swiss"]
[EventRounds "9"]
[EventCountry "CAN"]
[SourceTitle "CBM 089 Extra"]
[Source "ChessBase"]
[SourceDate "2002.09.10"]
[SourceVersion "2"]
[SourceVersionDate "2002.09.10"]
[SourceQuality "1"]

1. e4 c5 2. Nf3 Nc6 3. Bb5 g6 4. Bxc6 dxc6 5. d3 Bg7 6. Nc3 e5 7. Be3 b6 8. Qd2 Bg4 9. h3 Bxf3 10. gxf3 Nf6 11. f4 exf4 12. Bxf4 Nh5 13. Bh6 Be5 14. O-O-O Qf6 15. Kb1 Bxc3 16. bxc3 Qe6 17. d4 O-O-O 18. Qe2 c4 19. Rhe1 Rhe8 20. Qf3 Kb7 21. d5 cxd5 22. exd5 Qxe1 23. Rxe1 Rxe1+ 24. Kb2 f5 25. Be3 Rd6 26. a4 Nf6 27. Qf4 Rxd5 28. Qxc4 Rdd1 29. Qf7+ Nd7 30. c4 Ka6 31. Qe8 f4 32. Qc8+ Ka5 33. Qc6 Rb1+ 34. Kc3 fxe3 35. Qxd7 a6 36. fxe3 Rxe3+ 37. Kd2 Rbe1 38. Qxh7 R1e2+ 39. Kc1 Kxa4 40. Qxg6 Ka3 41. Qd6+ Ka2 42. Qb4 Re1+ 43. Kd2 R1e2+ 44. Kd1 a5 45. Qa4+ Kb2 46. Qb5+ Ka2 47. Qa4+ 1/2-1/2

[Event "Guelph op"]
[Site "Guelph CAN"]
[Date "2002.08.08"]
[Round "2"]
[White "Charbonneau, Pascal"]
[Black "Mazock, Michael"]
[Result "1/2-1/2"]
[WhiteElo "2422"]
[BlackElo "2221"]
[PlyCount "42"]
[GameId "2160767911412219"]
[EventDate "2002.08.07"]
[EventType "swiss"]
[EventRounds "9"]
[EventCountry "CAN"]
[SourceTitle "CBM 089 Extra"]
[Source "ChessBase"]
[SourceDate "2002.09.10"]
[SourceVersion "2"]
[SourceVersionDate "2002.09.10"]
[SourceQuality "1"]

1. e4 c5 2. Nf3 d6 3. d4 cxd4 4. Nxd4 Nf6 5. Nc3 a6 6. Bg5 e6 7. Qd3 Be7 8. O-O-O Nbd7 9. Be2 Qc7 10. f4 b5 11. Bxf6 Nxf6 12. Bf3 Bb7 13. a3 O-O-O 14. Kb1 Kb8 15. g4 d5 16. e5 Nd7 17. h4 Rc8 18. Qe3 Nb6 19. Be2 Nc4 20. Bxc4 dxc4 21. Rh2 h5 1/2-1/2

[Event "Guelph op"]
[Site "Guelph CAN"]
[Date "2002.08.08"]
[Round "3"]
[White "Raheb, David"]
[Black "Charbonneau, Pascal"]
[Result "0-1"]
[WhiteElo "2127"]
[BlackElo "2422"]
[PlyCount "54"]
[GameId "2160767911412258"]
[EventDate "2002.08.07"]
[EventType "swiss"]
[EventRounds "9"]
[EventCountry "CAN"]
[SourceTitle "CBM 089 Extra"]
[Source "ChessBase"]
[SourceDate "2002.09.10"]
[SourceVersion "2"]
[SourceVersionDate "2002.09.10"]
[SourceQuality "1"]

1. e4 c5 2. Nf3 d6 3. d4 cxd4 4. Nxd4 Nf6 5. Nc3 g6 6. Be3 Bg7 7. f3 Nc6 8. Qd2 O-O 9. Bc4 Bd7 10. O-O-O Ne5 11. Bb3 Qa5 12. Kb1 Rfc8 13. g4 Nc4 14. Bxc4 Rxc4 15. Nb3 Qa6 16. g5 Nh5 17. Ne2 Rac8 18. Rc1 Ra4 19. a3 Be6 20. Bd4 b5 21. Bxg7 Nxg7 22. Nc3 Rac4 23. Nd5 Bxd5 24. Qxd5 b4 25. axb4 Rxb4 26. Rhd1 Qb6 27. Qa5 Rxb3 0-1

[Event "Guelph op"]
[Site "Guelph CAN"]
[Date "2002.08.09"]
[Round "4"]
[White "Charbonneau, Pascal"]
[Black "Jung, Hans"]
[Result "1/2-1/2"]
[WhiteElo "2422"]
[BlackElo "2229"]
[PlyCount "120"]
[GameId "2160767911412265"]
[EventDate "2002.08.07"]
[EventType "swiss"]
[EventRounds "9"]
[EventCountry "CAN"]
[SourceTitle "CBM 089 Extra"]
[Source "ChessBase"]
[SourceDate "2002.09.10"]
[SourceVersion "2"]
[SourceVersionDate "2002.09.10"]
[SourceQuality "1"]

1. e4 d5 2. exd5 Qxd5 3. Nf3 Nf6 4. Be2 Bf5 5. d4 e6 6. O-O Be7 7. c4 Qd8 8. Qb3 Qc8 9. Nc3 O-O 10. Bg5 h6 11. Bh4 Nc6 12. d5 Na5 13. Qa4 b6 14. Rac1 Nb7 15. Nd4 Nc5 16. Nc6 Qe8 17. Nxe7+ Qxe7 18. Qd1 g5 19. Bg3 Nce4 20. Nxe4 Nxe4 21. Bf3 Nxg3 22. hxg3 Rad8 23. g4 Bg6 24. Qa4 a5 25. Rfe1 e5 26. c5 Rfe8 27. cxb6 cxb6 28. Rc6 e4 29. Qc4 Qe5 30. Rxb6 Qxd5 31. Qxd5 Rxd5 32. Be2 Kg7 33. Rd1 Rxd1+ 34. Bxd1 e3 35. fxe3 Rxe3 36. Kf2 Rd3 37. Be2 Rd2 38. Ke3 Rc2 39. a4 Rc7 40. Bf3 Bc2 41. Bc6 Bd1 42. b4 axb4 43. a5 b3 44. a6 b2 45. Be4 Bc2 46. Rxb2 Bxe4 47. Kxe4 Rc4+ 48. Kf3 Rf4+ 49. Kg3 Ra4 50. Rb6 Ra3+ 51. Kf2 Ra4 52. Kf3 Ra3+ 53. Kf2 f6 54. Rc6 Kg6 55. Rb6 Ra4 56. Kg3 Rf4 57. Rc6 h5 58. gxh5+ Kxh5 59. a7 Ra4 60. Rxf6 Rxa7 1/2-1/2

[Event "Montreal int"]
[Site "Montreal CAN"]
[Date "2002.07.25"]
[Round "1"]
[White "Barbeau, Sylvain"]
[Black "Charbonneau, Pascal"]
[Result "1/2-1/2"]
[WhiteElo "2397"]
[BlackElo "2422"]
[PlyCount "31"]
[GameId "2160767911441137"]
[EventDate "2002.07.25"]
[EventType "tourn"]
[EventRounds "11"]
[EventCountry "CAN"]
[EventCategory "11"]
[SourceTitle "The Week in Chess 403"]
[Source "Mark Crowther"]
[SourceDate "2002.07.29"]
[SourceVersion "1"]
[SourceVersionDate "2002.07.29"]
[SourceQuality "2"]

1. e4 c5 2. Nf3 d6 3. d4 cxd4 4. Nxd4 Nf6 5. Nc3 g6 6. Be3 Bg7 7. f3 O-O 8. Qd2 Nc6 9. g4 Nxd4 10. Bxd4 Be6 11. O-O-O Qa5 12. a3 Rfc8 13. h4 Rab8 14. Nd5 Qxd2+ 15. Rxd2 Nxd5 16. Bxg7 1/2-1/2

[Event "Montreal int"]
[Site "Montreal CAN"]
[Date "2002.07.26"]
[Round "2"]
[White "Charbonneau, Pascal"]
[Black "Ftacnik, Lubomir"]
[Result "1/2-1/2"]
[WhiteElo "2422"]
[BlackElo "2602"]
[PlyCount "91"]
[GameId "2160767911441145"]
[EventDate "2002.07.25"]
[EventType "tourn"]
[EventRounds "11"]
[EventCountry "CAN"]
[EventCategory "11"]
[SourceTitle "The Week in Chess 403"]
[Source "Mark Crowther"]
[SourceDate "2002.07.29"]
[SourceVersion "1"]
[SourceVersionDate "2002.07.29"]
[SourceQuality "2"]

1. e4 c5 2. Nf3 d6 3. d4 cxd4 4. Nxd4 Nf6 5. Nc3 a6 6. Bg5 e6 7. Qd3 h6 8. Bh4 Be7 9. O-O-O Nbd7 10. Be2 g5 11. Bg3 Ne5 12. Qe3 Bd7 13. Nf3 Qc7 14. Qd4 Nxf3 15. Bxf3 e5 16. Qd3 Rc8 17. Kb1 b5 18. Rhe1 Qc4 19. Be2 Qxd3 20. Bxd3 h5 21. f3 h4 22. Bf2 g4 23. fxg4 Bxg4 24. Rd2 Bd7 25. Bg1 Bc6 26. a4 Rb8 27. axb5 axb5 28. b4 Kd7 29. Rf1 Rhg8 30. Rdf2 Rg6 31. Nd5 Bxd5 32. exd5 e4 33. Be2 Nxd5 34. Bh5 Rg5 35. Bxf7 e3 36. Rf3 Nc3+ 37. Kb2 e2 38. Re1 Nd1+ 39. Kb3 Rxg2 40. Bd5 Rg5 41. Rd3 Bf6 42. Bf3 Nb2 43. Re3 Rbg8 44. Bf2 Bd4 45. R3xe2 Bxf2 46. Rxf2 1/2-1/2

[Event "Montreal int"]
[Site "Montreal CAN"]
[Date "2002.07.27"]
[Round "3"]
[White "Hebert, Jean"]
[Black "Charbonneau, Pascal"]
[Result "0-1"]
[WhiteElo "2416"]
[BlackElo "2422"]
[PlyCount "68"]
[GameId "2160767911441151"]
[EventDate "2002.07.25"]
[EventType "tourn"]
[EventRounds "11"]
[EventCountry "CAN"]
[EventCategory "11"]
[SourceTitle "The Week in Chess 403"]
[Source "Mark Crowther"]
[SourceDate "2002.07.29"]
[SourceVersion "1"]
[SourceVersionDate "2002.07.29"]
[SourceQuality "2"]

1. e4 c5 2. Nc3 Nc6 3. g3 g6 4. Bg2 Rb8 5. f4 Bg7 6. Nf3 b5 7. O-O b4 8. Nd5 d6 9. Ne3 e6 10. d3 Nge7 11. Kh1 O-O 12. g4 f5 13. gxf5 exf5 14. Nc4 Ba6 15. Ng5 Qd7 16. exf5 Nxf5 17. Bd5+ Kh8 18. Be6 Qc7 19. Bxf5 Rxf5 20. Ne3 Rxg5 21. fxg5 Bb7 22. Ng2 Nd4 23. Rf2 Nf5 24. Qg4 Re8 25. Re2 Rxe2 26. Qxe2 Qc6 27. Qe4 Nh4 28. Nxh4 Qd7 29. Qxb7 Qxb7+ 30. Ng2 Qf3 31. Bf4 Bxb2 32. Re1 Bc3 33. Re8+ Kg7 34. Kg1 Bd4+ 0-1

[Event "Montreal int"]
[Site "Montreal CAN"]
[Date "2002.07.28"]
[Round "4"]
[White "Bluvshtein, Mark"]
[Black "Charbonneau, Pascal"]
[Result "1-0"]
[WhiteElo "2367"]
[BlackElo "2422"]
[PlyCount "89"]
[GameId "2160767911441156"]
[EventDate "2002.07.25"]
[EventType "tourn"]
[EventRounds "11"]
[EventCountry "CAN"]
[EventCategory "11"]
[SourceTitle "The Week in Chess 403"]
[Source "Mark Crowther"]
[SourceDate "2002.07.29"]
[SourceVersion "1"]
[SourceVersionDate "2002.07.29"]
[SourceQuality "2"]

1. e4 c5 2. c3 Nf6 3. e5 Nd5 4. d4 cxd4 5. Nf3 Nc6 6. cxd4 d6 7. Bc4 Nb6 8. Bb5 dxe5 9. Nxe5 Bd7 10. Nxd7 Qxd7 11. Nc3 e6 12. O-O Rd8 13. Qg4 h5 14. Qg3 h4 15. Qf3 a6 16. Bxc6 Qxc6 17. Qxc6+ bxc6 18. Be3 h3 19. g3 Nc4 20. Na4 Nxe3 21. fxe3 e5 22. dxe5 Rh5 23. Nb6 Rxe5 24. Nc4 Red5 25. Kf2 Ke7 26. Kf3 f5 27. g4 Ke6 28. gxf5+ Rxf5+ 29. Kg4 Rc5 30. Rf4 Be7 31. Re4+ Kf7 32. Rf1+ Bf6 33. Kg3 Rg5+ 34. Rg4 Rh5 35. b3 Rd3 36. Rh4 Rxh4 37. Ne5+ Ke7 38. Nxd3 Rh8 39. e4 Kd6 40. Rf5 Bd4 41. Rg5 Rh6 42. e5+ Kd5 43. Kf3 c5 44. Nf4+ Kc6 45. Ke4 1-0

[Event "Montreal int"]
[Site "Montreal CAN"]
[Date "2002.07.30"]
[Round "6"]
[White "Degraeve, Jean Marc"]
[Black "Charbonneau, Pascal"]
[Result "1-0"]
[WhiteElo "2586"]
[BlackElo "2422"]
[PlyCount "97"]
[GameId "2160767911441169"]
[EventDate "2002.07.25"]
[EventType "tourn"]
[EventRounds "11"]
[EventCountry "CAN"]
[EventCategory "11"]
[SourceTitle "The Week in Chess 404"]
[Source "Mark Crowther"]
[SourceDate "2002.08.05"]
[SourceVersion "1"]
[SourceVersionDate "2002.08.05"]
[SourceQuality "2"]

1. e4 c5 2. Nf3 d6 3. Bb5+ Nd7 4. d4 Ngf6 5. Nc3 cxd4 6. Qxd4 e5 7. Qd3 h6 8. Be3 Be7 9. Bc4 a6 10. a4 Qc7 11. Nd2 O-O 12. O-O Nc5 13. Bxc5 Qxc5 14. Nd5 Nxd5 15. Bxd5 Rb8 16. a5 Bd7 17. Rfd1 Kh8 18. Nc4 Bb5 19. Qe3 Rbc8 20. Qxc5 Rxc5 21. Ne3 Bg5 22. Nf5 Rxc2 23. Nxd6 Rxb2 24. Nxf7+ Kh7 25. Ra2 Rxa2 26. Nxg5+ hxg5 27. Bxa2 Bc6 28. Bd5 Rc8 29. f3 Kg6 30. Kf2 Kf6 31. Rc1 Ke7 32. Bxc6 Rxc6 33. Rb1 Rc7 34. Rb6 g4 35. fxg4 Kf8 36. g5 Rc5 37. g6 Rxa5 38. Rxb7 Ra2+ 39. Kf3 Ra3+ 40. Kg4 Ra2 41. Kf5 Rf2+ 42. Kxe5 Rf6 43. Rf7+ Rxf7 44. gxf7 Kxf7 45. h4 a5 46. h5 a4 47. Kd4 Ke6 48. g4 Kf6 49. Kc3 1-0

[Event "Montreal int"]
[Site "Montreal CAN"]
[Date "2002.08.01"]
[Round "7"]
[White "Charbonneau, Pascal"]
[Black "Barsov, Alexei"]
[Result "1/2-1/2"]
[WhiteElo "2422"]
[BlackElo "2550"]
[PlyCount "34"]
[GameId "2160767911441174"]
[EventDate "2002.07.25"]
[EventType "tourn"]
[EventRounds "11"]
[EventCountry "CAN"]
[EventCategory "11"]
[SourceTitle "The Week in Chess 404"]
[Source "Mark Crowther"]
[SourceDate "2002.08.05"]
[SourceVersion "1"]
[SourceVersionDate "2002.08.05"]
[SourceQuality "2"]

1. e4 e6 2. d4 d5 3. e5 c5 4. c3 Nc6 5. Nf3 Bd7 6. a3 f6 7. Bd3 fxe5 8. Nxe5 Nxe5 9. dxe5 g6 10. c4 Qc7 11. O-O Bg7 12. cxd5 Bxe5 13. dxe6 Bxe6 14. Qa4+ Bd7 15. Bb5 O-O-O 16. Nc3 a6 17. Bxd7+ Rxd7 1/2-1/2